[Event "Bosnjaci op 24th"]
[Site "Bosnjaci"]
[Date "2019.01.06"]
[Round "5"]
[White "Lombarovic, Marko"]
[Black "Duda, Daniel1111"]
[Result "0-1"]
[WhiteElo "1764"]
[BlackElo "1991"]
[PlyCount "40"]
[EventDate "2019.01.03"]
[EventType "swiss"]
[EventRounds "9"]
[EventCountry "CRO"]
[SourceTitle "CBM 188 Extra"]
[Source "ChessBase"]
[SourceDate "2019.02.26"]
[SourceVersion "1"]
[SourceVersionDate "2019.02.26"]
[SourceQuality "1"]

1. e4 c5 2. Nf3 g6 3. c3 Bg7 4. d4 cxd4 5. cxd4 d5 6. Bb5+ Bd7 7. Bxd7+ Qxd7 8. exd5 Nf6 9. Ne5 Qxd5 10. 0-0 Nc6 11. Nxc6 Qxc6 12. Nc3 Rd8 13. Be3 0-0 14. Rc1 e5 15. Ne2 Qe4 16. Qa4 exd4 17. Nxd4 Ng4 18. Kh1 Bxd4 19. Rc4 Nxe3 20. fxe3 Qxe3 0-1

[Event "Bosnjaci op 20th"]
[Site "Bosnjaci"]
[Date "2015.01.03"]
[Round "1"]
[White "Lombarovic, Marko"]
[Black "Zaja, Ivan"]
[Result "0-1"]
[WhiteElo "1868"]
[BlackElo "2480"]
[PlyCount "62"]
[EventDate "2015.01.03"]
[EventType "swiss"]
[EventRounds "9"]
[EventCountry "CRO"]
[SourceTitle "CBM 164 Extra"]
[Source "ChessBase"]
[SourceDate "2015.03.02"]
[SourceVersion "1"]
[SourceVersionDate "2015.03.02"]
[SourceQuality "1"]

1. e4 c5 2. Nf3 e6 3. d4 cxd4 4. Nxd4 Bb4+ 5. c3 Be7 6. e5 a6 7. Be3 Qc7 8. f4 d6 9. exd6 Bxd6 10. g3 Nf6 11. Bg2 Bd7 12. 0-0 Nc6 13. Nd2 0-0 14. N2b3 Ne7 15. Rc1 Ned5 16. Bf2 Rad8 17. Re1 Nb6 18. Na5 Bc8 19. Qf3 Nbd5 20. Nab3 b5 21. Nd2 Bb7 22. c4 bxc4 23. Nxc4 Rc8 24. Qb3 Bb4 25. Red1 Ba8 26. Ne5 Qxc1 27. Rxc1 Rxc1+ 28. Bf1 Ne4 29. Nd3 Rxf1+ 30. Kg2 Nd2 31. Qc2 Nxf4# 0-1

[Event "Bosnjaci op 17th"]
[Site "Bosnjaci"]
[Date "2012.01.06"]
[Round "6"]
[White "Bajlo, Kristijan"]
[Black "Lombarovic, Marko"]
[Result "1-0"]
[WhiteElo "2126"]
[BlackElo "1874"]
[PlyCount "65"]
[EventDate "2012.01.03"]
[EventType "swiss"]
[EventRounds "9"]
[EventCountry "CRO"]
[SourceTitle "CBM 146 Extra"]
[Source "ChessBase"]
[SourceDate "2012.02.29"]
[SourceVersion "1"]
[SourceVersionDate "2012.02.29"]
[SourceQuality "1"]

1. e4 e5 2. Nf3 Nc6 3. Bb5 a6 4. Ba4 Nf6 5. 0-0 b5 6. Bb3 h6 7. Re1 d6 8. c3 Be7 9. d4 exd4 10. cxd4 Bg4 11. Nc3 0-0 12. h3 Bxf3 13. gxf3 Na5 14. Bc2 c5 15. d5 Nh7 16. Kh2 Bh4 17. Qe2 Qd7 18. Rg1 Kh8 19. f4 Rfe8 20. Qf3 b4 21. Nd1 Bf6 22. Ne3 c4 23. Nf5 Nb7 24. Rb1 Nc5 25. b3 c3 26. Be3 Qc7 27. Rg2 Rg8 28. Rbg1 Nf8 29. Qh5 Nh7 30. Bxc5 Qxc5 31. Qxf7 Raf8 32. Qg6 Qc7 33. Nxh6 1-0

[Event "Bosnjaci op 13th"]
[Site "Bosnjaci"]
[Date "2008.01.04"]
[Round "2"]
[White "Nikolic, Milenko"]
[Black "Lombarovic, Marko"]
[Result "1-0"]
[WhiteElo "2034"]
[BlackElo "1867"]
[PlyCount "91"]
[EventDate "2008.01.03"]
[EventType "swiss"]
[EventRounds "9"]
[EventCountry "CRO"]
[SourceTitle "CBM 122 Extra"]
[Source "ChessBase"]
[SourceDate "2008.03.04"]
[SourceVersion "1"]
[SourceVersionDate "2008.03.04"]
[SourceQuality "1"]

1. d4 d5 2. Nf3 Nf6 3. Bf4 e6 4. Nbd2 c5 5. e3 Nc6 6. c3 c4 7. Qc2 Bd6 8. Bg5 h6 9. Bh4 Be7 10. Be2 b5 11. b3 Bd7 12. 0-0 0-0 13. b4 Nh7 14. Bxe7 Qxe7 15. e4 Ng5 16. Nxg5 Qxg5 17. f4 Qe7 18. Bf3 Qd6 19. g3 f5 20. exd5 exd5 21. Rfe1 Rfe8 22. Nf1 Rxe1 23. Rxe1 Re8 24. Rxe8+ Bxe8 25. Qxf5 Bf7 26. Ne3 Ne7 27. Qh3 a5 28. a3 axb4 29. axb4 Be6 30. Qf1 Qa6 31. Qe2 Bf7 32. Kf2 Kf8 33. f5 Qa1 34. Qc2 Qa6 35. h3 h5 36. h4 g6 37. Qe2 gxf5 38. Bxh5 Bxh5 39. Qxh5 Qf6 40. Qf3 Qa6 41. g4 Qd6 42. Nxf5 Nxf5 43. Qxf5+ Kg8 44. Kf3 Qh2 45. Qxd5+ Kh8 46. Qe5+ 1-0

[Event "Treber Memorial 4th"]
[Site "Vinkovci"]
[Date "2007.03.02"]
[Round "1.8"]
[White "Lombarovic, Marko"]
[Black "Radulovic, Bojan"]
[Result "0-1"]
[WhiteElo "1906"]
[BlackElo "2227"]
[PlyCount "32"]
[EventDate "2007.03.02"]
[EventType "swiss"]
[EventRounds "7"]
[EventCountry "CRO"]
[SourceTitle "CBM 117 Extra"]
[Source "ChessBase"]
[SourceDate "2007.05.09"]
[SourceVersion "1"]
[SourceVersionDate "2007.05.09"]
[SourceQuality "1"]

1. e4 c5 2. Nf3 d6 3. d4 cxd4 4. Nxd4 Nc6 5. Bb5 Bd7 6. Nxc6 bxc6 7. Bd3 e5 8. 0-0 Nf6 9. f4 Be7 10. fxe5 dxe5 11. b3 Ng4 12. Qf3 0-0 13. Bc4 Bc5+ 14. Kh1 Nxh2 15. Bxf7+ Kh8 16. Qh5 Nxf1 0-1